000
00291nam a2200121Ia 4500
008
190216s9999||||xx |||||||||||||| ||und||
100
_a
Lee G A
245
0
_a
Modern Financial Accounting
260
_b
English Language Book Society
_c
1993
300
_a
576p
650
_a
Commerce
942
_c
BK
999
_c
5406
_d
5406